000 00713nam a2200265Ia 4500
001 37797
005 20240114001945.0
007 ta
008 070618s1913 a g b000 u 465 u
040 _aCotton College,Assam
041 _a465
082 _a947
_bP 358 W
100 _aPerry-Ayscough, H.G.C..
245 0 _aWith the Russians in Mongolia /
_cH.G.C.Perry-Ayscough & R.B. Otter-Barry.
_hTextual Documents
250 _a1st ed. /
260 _aLondon :
_bJohn Lane ,
_c1913.
300 _a343p. :
_bill ;
_c22cm .
504 _aIndex
653 _aHistory-Russia
653 _aG-History
700 _aOtter-Barry, R.B. .
942 _2ddc
_cBK
999 _c37773
_d37773